00413 2200157 4500001002100000005001500021035002000036245006300056100001700119300002800136260003500164082000800199084001400207020002200221990001200243INLIS00000000000188420250519075145 a0010-05250001761 aBerani Berubah Untuk Hidup Yang Lebih Baik /cMulasih Tary0 aMulasih Tary a166 hlm ;c14 x 20,5 cm aYogyakarta :bChecklist,c2025 a100 a100 MUL b a978-623-7661-34-4 a0754833